[Event "Egypt Open 2016"]
[Site "Eastern Company Club"]
[Date "2016.04.26"]
[Round "7"]
[Board "8"]
[White "Kamel, Nabil"]
[Black "Fadi, Marko"]
[Result "0-1"]
[WhiteElo "2085"]
[BlackElo "2276"]
[PlyCount "111"]
[EventDate "2016.04.22"]
[EventRounds "9"]
[EventCountry "EGY"]

1. Nf3 Nf6 2. c3 g6 3. d3 Bg7 4. e4 O-O 5. Be2 d6 6. Nbd2 Nc6 7. O-O Nh5 8. Nc4
d5 9. exd5 Qxd5 10. h3 e5 11. Nh2 Nf6 12. Bg5 h6 13. Bxf6 Bxf6 14. Bf3 Qd8 15.
Qe2 Bf5 16. Rad1 Re8 17. Bxc6 bxc6 18. Qf3 Bd7 19. Rfe1 h5 20. Qg3 Be6 21. Nxe5
Bxa2 22. d4 Qd6 23. Nhf3 Bb3 24. Ra1 a5 25. Nd2 Bxe5 26. Rxe5 Rxe5 27. Qxe5
Qxe5 28. dxe5 Bc2 29. f4 a4 30. Kf2 Rb8 31. Ra2 Kf8 32. Ke3 Rd8 33. Ra3 Ke7 34.
c4 Rb8 35. Kd4 Ke6 36. Kc3 Bd1 37. Ra1 Bb3 38. g4 hxg4 39. hxg4 Rh8 40. Ne4 Rh4
41. Rg1 Rh2 42. Nc5+ Ke7 43. Nxb3 Rh3+ 44. Kd4 Rxb3 45. Rg2 Rf3 46. Ke4 Rf1 47.
f5 g5 48. Kd4 Re1 49. Kc5 Re4 50. Kxc6 Rxc4+ 51. Kd5 Rc1 52. Rh2 c6+ 53. Kd4
Kd8 54. Rh7 Rc2 55. Rg7 Rxb2 56. Rxg5 0-1

[Event "Egypt Open 2016"]
[Site "Eastern Company Club"]
[Date "2016.04.26"]
[Round "7"]
[Board "9"]
[White "El Amary, Kamal"]
[Black "Hussain, Abdel Naser"]
[Result "1-0"]
[WhiteElo "2281"]
[BlackElo "1884"]
[PlyCount "57"]
[EventDate "2016.04.22"]
[EventRounds "9"]
[EventCountry "EGY"]

1. d4 Nf6 2. Nf3 b6 3. g3 Bb7 4. Bg2 e6 5. O-O c5 6. c4 cxd4 7. Qxd4 Bc5 8. Qh4
Na6 9. Nc3 Rc8 10. Nb5 Be7 11. Bg5 O-O 12. Nxa7 h6 13. Nxc8 Qxc8 14. Bxf6 Bxf6
15. Qf4 Nc5 16. Rad1 Ne4 17. b3 d6 18. Qc1 Qc5 19. Rd3 Ra8 20. Nd2 Bg5 21. Bxe4
Bxd2 22. Qxd2 Bxe4 23. Rxd6 Kh7 24. Qd4 Qf5 25. a4 Rb8 26. Rxb6 Re8 27. f3 Bc2
28. Rb5 Qg6 29. Re5 1-0

[Event "Egypt Open 2016"]
[Site "Eastern Company Club"]
[Date "2016.04.26"]
[Round "7"]
[Board "11"]
[White "Abou El Zein, Eid Mahmoud"]
[Black "L'ami, Alina"]
[Result "1-0"]
[WhiteElo "2150"]
[BlackElo "2348"]
[PlyCount "54"]
[EventDate "2016.04.22"]
[EventRounds "9"]
[EventCountry "EGY"]

1. c4 Nf6 2. Nc3 g6 3. g3 Bg7 4. Bg2 O-O 5. e3 e5 6. Nge2 d6 7. O-O c6 8. d4
Qe7 9. b3 e4 10. h3 h5 11. Ba3 Bf5 12. Qd2 Nh7 13. g4 hxg4 14. hxg4 Bxg4 15.
Nxe4 Rd8 16. f4 f5 17. N4g3 Nf6 18. Rae1 Ne4 19. Nxe4 fxe4 20. Ng3 Bf5 21. Kf2
c5 22. Bb2 Nc6 23. Rh1 Nb4 24. Nxf5 gxf5 25. Rh5 Bf6 26. d5 Bh4+ 27. Kg1 Kf7
 1-0

[Event "Egypt Open 2016"]
[Site "Eastern Company Club"]
[Date "2016.04.26"]
[Round "7"]
[Board "12"]
[White "Roshdy, Mahmoud"]
[Black "El Ghazali, Youssef M."]
[Result "1-0"]
[WhiteElo "2139"]
[BlackElo "2320"]
[PlyCount "67"]
[EventDate "2016.04.22"]
[EventRounds "9"]
[EventCountry "EGY"]

1. e4 c5 2. Nf3 e6 3. d4 cxd4 4. Nxd4 Nf6 5. Nc3 d6 6. a4 Be7 7. a5 O-O 8. Be2
Nc6 9. Nb3 Nb4 10. O-O Bd7 11. f4 Bc6 12. Bf3 d5 13. e5 Nd7 14. Be3 b6 15. Ne2
Nc5 16. Nbd4 Bb7 17. c3 Nc6 18. b4 Nxd4 19. Nxd4 Nd7 20. a6 Bc8 21. Qe2 Nb8 22.
Rfb1 f6 23. c4 fxe5 24. fxe5 Qc7 25. cxd5 Qxe5 26. Bf2 Qxe2 27. Bxe2 exd5 28.
Bf3 Rd8 29. Rc1 Nxa6 30. Nc6 Bb7 31. Nxe7+ Kf8 32. Nxd5 Bxd5 33. Bxd5 Rxd5 34.
Rxa6 1-0

[Event "Egypt Open 2016"]
[Site "Eastern Company Club"]
[Date "2016.04.26"]
[Round "7"]
[Board "13"]
[White "Yousry, Salah"]
[Black "Ismail, Youssef"]
[Result "1-0"]
[WhiteElo "2266"]
[BlackElo "2164"]
[PlyCount "109"]
[EventDate "2016.04.22"]
[EventRounds "9"]
[EventCountry "EGY"]

1. c4 e6 2. Nf3 c5 3. g3 Nf6 4. Bg2 Nc6 5. O-O d5 6. cxd5 exd5 7. d4 c4 8. Nc3
h6 9. Ne5 Be6 10. Nxc4 dxc4 11. d5 Nxd5 12. Nxd5 Bc5 13. Nf4 Qxd1 14. Rxd1 Bd7
15. Bd5 g5 16. Bxf7+ Kxf7 17. Rxd7+ Ke8 18. Rd5 Bb6 19. Ng2 Rf8 20. Be3 Rd8 21.
Rad1 Rf5 22. R5d2 Ba5 23. Rxd8+ Bxd8 24. Bc1 b5 25. Ne3 Rf7 26. Rd6 Rf6 27. Rd5
a6 28. a4 Ne7 29. Re5 bxa4 30. Nxc4 Rc6 31. Re4 Bc7 32. Bd2 Kd8 33. Na3 Ng6 34.
Rxa4 Be5 35. Nc4 Bf6 36. Kg2 Ne5 37. Nxe5 Bxe5 38. Bc3 Bxc3 39. bxc3 Kc7 40. h4
Kb6 41. hxg5 hxg5 42. c4 a5 43. Kh3 Rh6+ 44. Kg4 Rh2 45. Kf3 Rh1 46. Kg4 Rh2
47. f3 Rxe2 48. Kxg5 Re3 49. Kg4 Rb3 50. Kf4 Rb4 51. Rxb4+ axb4 52. Ke3 Ka5 53.
Kd2 Ka4 54. Kc2 Ka3 55. Kb1 1-0

[Event "Egypt Open 2016"]
[Site "Eastern Company Club"]
[Date "2016.04.26"]
[Round "7"]
[Board "16"]
[White "Saber, Ibrahim"]
[Black "Aly, Khaled Mohamed"]
[Result "1-0"]
[WhiteElo "2230"]
[BlackElo "2038"]
[PlyCount "100"]
[EventDate "2016.04.22"]
[EventRounds "9"]
[EventCountry "EGY"]

1. Nf3 Nf6 2. g3 g6 3. Bg2 Bg7 4. c4 O-O 5. O-O c5 6. Nc3 d5 7. cxd5 Nxd5 8.
Qa4 Nb4 9. a3 Bd7 10. Qb3 Be6 11. Qd1 Nd5 12. Ng5 Nxc3 13. dxc3 Qxd1 14. Rxd1
Bb3 15. Rd3 Nc6 16. Bf4 Rfd8 17. Ne4 c4 18. Rxd8+ Rxd8 19. Nc5 Na5 20. Nxb7
Nxb7 21. Bxb7 h5 22. Be3 Kh7 23. f4 e5 24. fxe5 Bxe5 25. Kf2 Rd7 26. Bc6 Rd6
27. Bf3 a5 28. a4 Ra6 29. Bd4 f6 30. e3 Bc2 31. Bd1 Be4 32. Be2 Bxd4 33. exd4
Rb6 34. Bxc4 Rxb2+ 35. Ke3 Bc6 36. d5 Bd7 37. Bb5 Bf5 38. c4 h4 39. Rd1 Rb3+
40. Kf2 Rb2+ 41. Kg1 h3 42. d6 Rg2+ 43. Kf1 Rxh2 44. Rd4 Rh1+ 45. Kf2 Rh2+ 46.
Kf3 g5 47. g4 Be6 48. d7 Bxd7 49. Rxd7+ Kg8 50. Bc6 Rh1 1-0

[Event "Egypt Open 2016"]
[Site "Eastern Company Club"]
[Date "2016.04.26"]
[Round "7"]
[Board "17"]
[White "Ismail, Reda"]
[Black "Himdan, Maher"]
[Result "1/2-1/2"]
[WhiteElo "2129"]
[BlackElo "2228"]
[PlyCount "56"]
[EventDate "2016.04.22"]
[EventRounds "9"]
[EventCountry "EGY"]

1. e4 e5 2. Nf3 d6 3. d4 Nd7 4. Bc4 c6 5. O-O Be7 6. c3 Ngf6 7. Re1 O-O 8. Nbd2
Qc7 9. Bb3 h6 10. Nf1 Re8 11. Ng3 Nf8 12. Be3 Ng6 13. Qc2 Bf8 14. h3 Bd7 15.
Rad1 Rad8 16. a4 Bc8 17. Ba2 b6 18. b4 c5 19. bxc5 bxc5 20. d5 Ba6 21. Rb1 Rb8
22. c4 Rb4 23. Rb2 Nf4 24. Bxf4 exf4 25. Ne2 g5 26. Reb1 Nxd5 27. a5 Bxc4 28.
Bxc4 Rxc4 1/2-1/2

[Event "Egypt Open 2016"]
[Site "Eastern Company Club"]
[Date "2016.04.26"]
[Round "7"]
[Board "18"]
[White "Aly, Elhares"]
[Black "Sameeh, Hany"]
[Result "0-1"]
[WhiteElo "2104"]
[BlackElo "2180"]
[PlyCount "45"]
[EventDate "2016.04.22"]
[EventRounds "9"]
[EventCountry "EGY"]

1. Nf3 Nf6 2. c4 g6 3. Nc3 d5 4. cxd5 Nxd5 5. e4 Nxc3 6. bxc3 Bg7 7. Bc4 O-O 8.
O-O Nc6 9. Qe2 Bg4 10. h3 Bxf3 11. Qxf3 Ne5 12. Qe2 Nxc4 13. Qxc4 Rc8 14. e5
Qd7 15. Rb1 Qf5 16. Rb4 b6 17. Rd1 Rcd8 18. Bb2 Kh8 19. a3 f6 20. exf6 Rxf6 21.
Ra1 Rxd2 22. Qxc7 Qxf2+ 23. Kh1 0-1

[Event "Egypt Open 2016"]
[Site "Eastern Company Club"]
[Date "2016.04.26"]
[Round "7"]
[Board "19"]
[White "Ghoneim, Ahmed Mohamed"]
[Black "Abdel Moniem, Mohamed"]
[Result "0-1"]
[WhiteElo "2026"]
[BlackElo "2176"]
[PlyCount "136"]
[EventDate "2016.04.22"]
[EventRounds "9"]
[EventCountry "EGY"]

1. e4 c5 2. Nc3 e6 3. f4 a6 4. g3 Nc6 5. Bg2 d6 6. Nf3 Nf6 7. d3 Be7 8. O-O O-O
9. h3 Rb8 10. g4 b5 11. Ne2 Bb7 12. Ng3 Re8 13. f5 exf5 14. Nxf5 Bf8 15. Bg5
Re6 16. Qd2 Ne5 17. Rae1 h6 18. Nxe5 dxe5 19. Bh4 Qb6 20. Qe2 g5 21. Bg3 Rd8
22. Kh2 Rd7 23. b3 Qa5 24. Qf3 c4 25. bxc4 bxc4 26. Ne3 cxd3 27. cxd3 Bc6 28.
Nc4 Qc3 29. Rc1 Qd4 30. Nxe5 Rxe5 31. Rxc6 Re6 32. Rxe6 fxe6 33. Qf2 Bg7 34.
Qxd4 Rxd4 35. Rd1 Nd7 36. Bf2 Ra4 37. Rd2 e5 38. Bf1 Nf8 39. Be2 Ng6 40. Bd1
Rb4 41. Bb3+ Kh7 42. Rb2 Rb8 43. Ba7 Rf8 44. Ba4 Nf4 45. Rb8 Rxb8 46. Bxb8 Nxd3
47. Kg3 Kg8 48. Bd1 a5 49. a4 Nc5 50. Kf3 Nxa4 51. Bc7 Nc5 52. Bxa5 Nd3 53. Bd8
Kf7 54. Ba4 Bf6 55. Bb5 Bg7 56. Bd7 Bf6 57. Bc7 Nf4 58. Kg3 Ke7 59. Bb5 Ke6 60.
Bb6 Kd6 61. Ba7 Bd8 62. Bc4 Ba5 63. Bb3 Bd8 64. Bb8+ Bc7 65. Ba7 Bd8 66. Bb8+
Kc5 67. Bxe5 Nd3 68. Bg7 Nf4 0-1

[Event "Egypt Open 2016"]
[Site "Eastern Company Club"]
[Date "2016.04.26"]
[Round "7"]
[Board "20"]
[White "Imam, Ashraf"]
[Black "Sarwat, Walaa"]
[Result "0-1"]
[WhiteElo "2061"]
[BlackElo "2326"]
[PlyCount "62"]
[EventDate "2016.04.22"]
[EventRounds "9"]
[EventCountry "EGY"]

1. e4 e5 2. Nf3 Nc6 3. Bc4 Bc5 4. c3 Nf6 5. O-O d6 6. d4 exd4 7. cxd4 Bb6 8. h3
h6 9. Nc3 O-O 10. Be3 Nxe4 11. Nxe4 d5 12. Bd3 dxe4 13. Bxe4 Ne7 14. Ne5 f5 15.
Bc2 f4 16. Bb3+ Kh7 17. Bd2 Bxd4 18. Nf7 Qe8 19. Bxf4 Bxb2 20. Qc2+ Ng6 21.
Qxb2 Nxf4 22. Qc2+ Ng6 23. Rfe1 Qc6 24. Qd3 Qf6 25. Ne5 Qxf2+ 26. Kh1 Bf5 27.
Qc4 Nf4 28. Qf1 Qxf1+ 29. Rxf1 Be4 30. Rxf4 Rxf4 31. Re1 Re8 0-1

[Event "Egypt Open 2016"]
[Site "Eastern Company Club"]
[Date "2016.04.26"]
[Round "7"]
[Board "21"]
[White "Awadhom, Elsayed"]
[Black "Lauridsen, Jesper Morch"]
[Result "0-1"]
[WhiteElo "2047"]
[BlackElo "2275"]
[PlyCount "69"]
[EventDate "2016.04.22"]
[EventRounds "9"]
[EventCountry "EGY"]

1. e4 c5 2. d3 g6 3. g3 Bg7 4. Nc3 Nc6 5. Bg2 d6 6. Be3 e5 7. Qd2 Be6 8. Nf3
Nd4 9. Ng5 Bd7 10. f4 Nf6 11. h3 h6 12. Nf3 Nh5 13. Qf2 Nxg3 14. Qxg3 Nxc2+ 15.
Kd2 Nxa1 16. Rxa1 Qb6 17. Rb1 exf4 18. Bxf4 Be6 19. Kc2 Rd8 20. Nd2 O-O 21. Nc4
Qa6 22. Nd5 b5 23. Nce3 c4 24. d4 Qxa2 25. Qh4 Qb3+ 26. Kc1 f6 27. Bxh6 g5 28.
Qh5 Bf7 29. Qg4 Bxh6 30. Nxf6+ Kg7 31. Nf5+ Kxf6 32. e5+ dxe5 33. Ra1 Be6 34.
Ra6 c3 35. Kb1 0-1

[Event "Egypt Open 2016"]
[Site "Eastern Company Club"]
[Date "2016.04.26"]
[Round "7"]
[Board "22"]
[White "Moreis, Kamel"]
[Black "El Arousy, Abdul Hameed"]
[Result "0-1"]
[WhiteElo "2046"]
[BlackElo "2265"]
[PlyCount "55"]
[EventDate "2016.04.22"]
[EventRounds "9"]
[EventCountry "EGY"]

1. e4 c5 2. Nf3 e6 3. c3 d5 4. e5 Nc6 5. d4 Bd7 6. Be2 cxd4 7. cxd4 f6 8. exf6
Nxf6 9. Nc3 Bd6 10. O-O O-O 11. Bg5 Be7 12. Re1 Qb6 13. Bxf6 Rxf6 14. Qd2 Bb4
15. Qd1 Ba5 16. h3 Qxb2 17. Na4 Qa3 18. Nc5 b6 19. Nb3 Qd6 20. g3 Be8 21. Nfd2
Bf7 22. Bg4 b5 23. Kg2 g5 24. f4 Bd8 25. Kg1 Rg6 26. fxg5 Bxg5 27. Nc5 Bh6 28.
Ndb3 0-1

[Event "Egypt Open 2016"]
[Site "Eastern Company Club"]
[Date "2016.04.26"]
[Round "7"]
[Board "23"]
[White "Hussein, Hany"]
[Black "Ahmed, Ali Layth Ahmed"]
[Result "0-1"]
[WhiteElo "2037"]
[BlackElo "2257"]
[PlyCount "96"]
[EventDate "2016.04.22"]
[EventRounds "9"]
[EventCountry "EGY"]

1. Nf3 Nf6 2. g3 d5 3. Bg2 c6 4. O-O Bg4 5. d4 Nbd7 6. Nbd2 e6 7. h3 Bh5 8. b3
Bd6 9. Bb2 Ne4 10. c4 f5 11. Qc2 O-O 12. e3 Qf6 13. Kh2 g5 14. Ng1 Qh6 15. f4
Ndf6 16. Nxe4 fxe4 17. Ne2 Bf3 18. Kg1 gxf4 19. Nxf4 Bxg2 20. Qxg2 Rf7 21. c5
Bxf4 22. Rxf4 Rg7 23. Re1 Nh5 24. Rh4 Qg5 25. Rg4 Qh6 26. Rh4 Qg5 27. Rg4 Qe7
28. Rxg7+ Nxg7 29. Rf1 Nf5 30. Bc1 Kh8 31. Rf4 Rg8 32. g4 Nh4 33. Qg3 Nf3+ 34.
Kh1 h6 35. Bb2 Kh7 36. b4 Rg7 37. a4 Qc7 38. Bc3 h5 39. Kg2 Qe7 40. b5 Kg8 41.
Bb2 Qe8 42. a5 cxb5 43. Bc3 b4 44. Be1 b3 45. Bd2 Qb5 46. Rxf3 exf3+ 47. Qxf3
b2 48. h4 b1=Q 0-1

[Event "Egypt Open 2016"]
[Site "Eastern Company Club"]
[Date "2016.04.26"]
[Round "7"]
[Board "25"]
[White "Fatehy, Tarek"]
[Black "Abdel Aziz, Ahmed"]
[Result "1/2-1/2"]
[WhiteElo "2215"]
[BlackElo "2065"]
[PlyCount "59"]
[EventDate "2016.04.22"]
[EventRounds "9"]
[EventCountry "EGY"]

1. d4 d5 2. c4 c6 3. Nc3 Nf6 4. e3 g6 5. Nf3 Bg7 6. Bd3 O-O 7. O-O Nbd7 8. cxd5
Nxd5 9. Bd2 Nxc3 10. Bxc3 e5 11. dxe5 Nxe5 12. Nxe5 Bxe5 13. Qc2 f5 14. Be2 Qd7
15. Bf3 Qc7 16. h3 f4 17. Bd2 Bf5 18. Qd1 Rf7 19. Bc3 Bxc3 20. bxc3 Rd8 21. Qe2
Rd3 22. Rad1 Rfd7 23. Rxd3 Rxd3 24. Rd1 Rxd1+ 25. Qxd1 Qe7 26. Qd2 Qe6 27. Kh2
Qxa2 28. Qd8+ Kg7 29. Qe7+ Qf7 30. Qe5+ 1/2-1/2

[Event "Egypt Open 2016"]
[Site "Eastern Company Club"]
[Date "2016.04.26"]
[Round "7"]
[Board "26"]
[White "Ahmed, Tamer"]
[Black "Sayed Hassan, Mohamed"]
[Result "0-1"]
[WhiteElo "2006"]
[BlackElo "2177"]
[PlyCount "80"]
[EventDate "2016.04.22"]
[EventRounds "9"]
[EventCountry "EGY"]

1. d4 f5 2. c4 Nf6 3. Nc3 e6 4. Nf3 b6 5. g3 Bb7 6. Bg2 Bb4 7. O-O Bxc3 8. bxc3
O-O 9. h4 Nc6 10. Ba3 Re8 11. d5 Na5 12. dxe6 dxe6 13. c5 Ne4 14. Qc2 bxc5 15.
c4 Nc6 16. Rab1 Rb8 17. e3 h5 18. Rfd1 Qe7 19. Bb2 Nd6 20. Ne5 Nxe5 21. Bxe5 a5
22. a4 Bxg2 23. Kxg2 Rb4 24. Rxb4 axb4 25. a5 Qd7 26. f3 Ra8 27. Qa2 Qc6 28.
Ra1 Ra6 29. Qd2 Nxc4 30. Qd8+ Kf7 31. Bxc7 Nxe3+ 32. Kf2 Nd5 33. Be5 c4 34. Bd4
e5 35. Be3 Ra8 36. Qg5 Qf6 37. Qxf6+ Kxf6 38. Bc5 b3 39. a6 b2 40. Rb1 c3 0-1

[Event "Egypt Open 2016"]
[Site "Eastern Company Club"]
[Date "2016.04.26"]
[Round "7"]
[Board "28"]
[White "Sadek, Taha"]
[Black "Zayan, Mohamed"]
[Result "0-1"]
[WhiteElo "1929"]
[BlackElo "2154"]
[PlyCount "56"]
[EventDate "2016.04.22"]
[EventRounds "9"]
[EventCountry "EGY"]

1. d4 Nf6 2. Nf3 g6 3. e3 Bg7 4. Bd3 d5 5. Nbd2 O-O 6. O-O c5 7. c3 Nc6 8. dxc5
e5 9. e4 Qe7 10. exd5 Nxd5 11. Re1 Qxc5 12. Bc2 Rd8 13. Qe2 Nf4 14. Qc4 Qe7 15.
Ne4 Be6 16. Qb5 Qc7 17. Bxf4 exf4 18. Ned2 a6 19. Qe2 Nd4 20. Nxd4 Bxd4 21. Bb3
Bxb3 22. Nxb3 Bf6 23. Rad1 Qc6 24. Rxd8+ Rxd8 25. Rd1 Re8 26. Qd3 Qa4 27. Qc2
b6 28. Nd4 Qc6 0-1

[Event "Egypt Open 2016"]
[Site "Eastern Company Club"]
[Date "2016.04.26"]
[Round "7"]
[Board "30"]
[White "Elazzawy, Walid"]
[Black "Ibrahim, Mohamed"]
[Result "1/2-1/2"]
[WhiteElo "1918"]
[BlackElo "2137"]
[PlyCount "56"]
[EventDate "2016.04.22"]
[EventRounds "9"]
[EventCountry "EGY"]

1. d4 d5 2. c4 c6 3. cxd5 cxd5 4. Nc3 Nf6 5. Nf3 Nc6 6. Bf4 Bf5 7. e3 e6 8. Bb5
Nd7 9. Qa4 Rc8 10. O-O a6 11. Bxc6 Rxc6 12. Rfc1 Be7 13. Ne2 Bd3 14. Qd1 Rxc1
15. Rxc1 Bb5 16. Bc7 Qa8 17. Nc3 Bc6 18. Na4 Qc8 19. Ba5 O-O 20. Nb6 Nxb6 21.
Bxb6 f6 22. Nd2 Qd7 23. Nb3 Rc8 24. Qc2 Qe8 25. Bc5 Ba4 26. Qd2 Bxb3 27. axb3
Qc6 28. Rc3 Bd8 1/2-1/2

[Event "Egypt Open 2016"]
[Site "Eastern Company Club"]
[Date "2016.04.26"]
[Round "7"]
[Board "50"]
[White "Khalil, Badr"]
[Black "Mahrous, Selim"]
[Result "0-1"]
[WhiteElo "2046"]
[BlackElo "1895"]
[PlyCount "120"]
[EventDate "2016.04.22"]
[EventRounds "9"]
[EventCountry "EGY"]

1. e4 e5 2. Nf3 Nc6 3. Bb5 a6 4. Ba4 Nf6 5. O-O d6 6. Re1 b5 7. Bb3 Na5 8. d3
Nxb3 9. axb3 Be7 10. Nc3 O-O 11. Nxb5 h6 12. Nc3 Nh7 13. Bd2 f5 14. h3 fxe4 15.
dxe4 Bg5 16. Bxg5 Nxg5 17. Re3 c6 18. Nxg5 hxg5 19. Qh5 Rf4 20. Rg3 g4 21. hxg4
Be6 22. g5 Qb6 23. Rf1 Raf8 24. g6 R8f6 25. Rf3 Rxf3 26. gxf3 Qd8 27. Kg2 Qe8
28. Rh1 Rxg6+ 29. Kf1 Kf8 30. Qh8+ Bg8 31. Ne2 Qf7 32. Rh3 Rf6 33. Qh4 Ke8 34.
Qg4 Kd8 35. Qg5 Ke8 36. Qe3 Qd7 37. Rh8 Rf8 38. Ng3 Bc4+ 39. bxc4 Rxh8 40. Qb6
Rf8 41. Ke2 d5 42. Qb8+ Kf7 43. Qxe5 dxc4 44. Nf5 Kg8 45. Qc3 Qf7 46. Nd6 Qd7
47. Nxc4 Rd8 48. Ne3 Qd4 49. Qxc6 Qd2+ 50. Kf1 Rd6 51. Qc4+ Kh7 52. b3 Qc1+ 53.
Kg2 Rg6+ 54. Ng4 Qf4 55. Qc8 Rg5 56. c4 Rh5 57. Qxa6 Qc1 58. e5 Qh1+ 59. Kg3
Rh3+ 60. Kf4 Qxf3+ 0-1

[Event "Egypt Open 2016"]
[Site "Eastern Company Club"]
[Date "2016.04.26"]
[Round "7"]
[Board "51"]
[White "El Eryan, Emad"]
[Black "Yaser, Kareim"]
[Result "0-1"]
[WhiteElo "1842"]
[BlackElo "2032"]
[PlyCount "82"]
[EventDate "2016.04.22"]
[EventRounds "9"]
[EventCountry "EGY"]

1. d4 d5 2. c4 c6 3. Nf3 Nf6 4. e3 Bf5 5. Nc3 e6 6. cxd5 exd5 7. Bd3 Bxd3 8.
Qxd3 Bd6 9. O-O O-O 10. e4 dxe4 11. Nxe4 Nxe4 12. Qxe4 Re8 13. Qg4 Nd7 14. Bg5
Be7 15. Bxe7 Qxe7 16. Rfe1 Qd6 17. Qg5 Nf6 18. Re5 Nd7 19. Re3 h6 20. Qf5 Rxe3
21. fxe3 Re8 22. Re1 Nf6 23. e4 g6 24. Qh3 Nxe4 25. Qxh6 Re6 26. Qc1 Qd5 27. b3
g5 28. h3 f6 29. Qe3 g4 30. hxg4 Ng5 31. Qf2 Nxf3+ 32. gxf3 Rxe1+ 33. Qxe1 Qxf3
34. Qe8+ Kg7 35. Qe7+ Kg6 36. Qd7 Kg5 37. Qg7+ Kh4 38. Qh6+ Kg3 39. Qh2+ Kxg4
40. Qd6 Qg3+ 41. Qxg3+ Kxg3 0-1

[Event "Egypt Open 2016"]
[Site "Eastern Company Club"]
[Date "2016.04.26"]
[Round "7"]
[Board "52"]
[White "Elgohary, Fayrouz"]
[Black "Allam, Emad Hamdy"]
[Result "0-1"]
[WhiteElo "1793"]
[BlackElo "2030"]
[PlyCount "66"]
[EventDate "2016.04.22"]
[EventRounds "9"]
[EventCountry "EGY"]

1. d4 Nf6 2. Nf3 c5 3. e3 g6 4. c3 b6 5. Nbd2 Bb7 6. Qb3 cxd4 7. exd4 Bg7 8.
Bc4 O-O 9. O-O Nc6 10. Qd1 Rc8 11. Qe2 Nh5 12. Nb3 Nb8 13. Bd3 a5 14. a4 d6 15.
Bg5 Rc7 16. Rfe1 f6 17. Bd2 e5 18. Qd1 Nd7 19. Nc1 f5 20. Ng5 Re8 21. Qb3+ d5
22. Bb5 h6 23. Nf3 e4 24. Ne5 Nxe5 25. Bxe8 Nc4 26. Qc2 Qxe8 27. Ne2 g5 28. Ng3
f4 29. Nf5 Bf8 30. g4 Bc8 31. gxh5 Bxf5 32. Bc1 Qxh5 33. Qd1 Bg4 0-1

[Event "Egypt Open 2016"]
[Site "Eastern Company Club"]
[Date "2016.04.26"]
[Round "7"]
[Board "53"]
[White "Shaheen, Sameh"]
[Black "Abdalla, Emad Eldin"]
[Result "0-1"]
[WhiteElo "1730"]
[BlackElo "1869"]
[PlyCount "74"]
[EventDate "2016.04.22"]
[EventRounds "9"]
[EventCountry "EGY"]

1. d4 d5 2. Nf3 e6 3. g3 Nf6 4. Bg2 c5 5. c4 Nc6 6. cxd5 exd5 7. O-O cxd4 8.
Nxd4 Bc5 9. Nb3 Bb6 10. Bg5 Be6 11. Nc3 Ne7 12. Bxf6 gxf6 13. Nd4 Qd7 14. Na4
Bxd4 15. Qxd4 O-O 16. Qxf6 Qxa4 17. Qxe7 Qc2 18. Qg5+ Kh8 19. Qf6+ Kg8 20. e3
Rfc8 21. h4 Qg6 22. Qe5 Rc2 23. e4 Re8 24. Rac1 Rd2 25. exd5 Bd7 26. Rc8 Rxc8
27. h5 Qf5 28. Qe7 Bb5 29. Be4 Qg4 30. Qb4 f5 31. Qxb5 fxe4 32. Qxb7 e3 33. h6
Rf8 34. Qxa7 Rfxf2 35. Qg7+ Qxg7 36. hxg7 Rg2+ 37. Kh1 Rh2+ 0-1

[Event "Egypt Open 2016"]
[Site "Eastern Company Club"]
[Date "2016.04.26"]
[Round "7"]
[Board "54"]
[White "Ibrahim, Mahmoud"]
[Black "Tarek, Mohamed"]
[Result "1-0"]
[WhiteElo "2000"]
[BlackElo "1786"]
[PlyCount "61"]
[EventDate "2016.04.22"]
[EventRounds "9"]
[EventCountry "EGY"]

1. e4 d6 2. d4 Nf6 3. Bd3 g6 4. Ne2 Bg7 5. Ng3 c6 6. O-O O-O 7. f4 e5 8. dxe5
dxe5 9. f5 Qb6+ 10. Kh1 Nbd7 11. Qe2 Qc7 12. Be3 b6 13. Nd2 c5 14. h3 a6 15.
Nf3 b5 16. c4 b4 17. Rad1 Bb7 18. Qd2 Rfd8 19. Bh6 Nf8 20. Bxg7 Kxg7 21. fxg6
Bxe4 22. Nxe4 Nxe4 23. Qe1 Nf6 24. gxf7 Rxd3 25. Qg3+ Ng6 26. Rxd3 Qe7 27. Nh4
Qxf7 28. Nf5+ Kh8 29. Qf2 Nf4 30. Re3 Ng6 31. Nd6 1-0

[Event "Egypt Open 2016"]
[Site "Eastern Company Club"]
[Date "2016.04.27"]
[Round "8"]
[Board "1"]
[White "Petrov, Marian"]
[Black "Adly, Ahmed"]
[Result "1/2-1/2"]
[WhiteElo "2447"]
[BlackElo "2601"]
[PlyCount "23"]
[EventDate "2016.04.22"]
[EventRounds "9"]
[EventCountry "EGY"]

1. e4 e6 2. d4 d5 3. exd5 exd5 4. Nf3 Bd6 5. h3 Nc6 6. c3 Bf5 7. Bd3 Qe7+ 8.
Be3 Bxd3 9. Qxd3 Nf6 10. Nbd2 O-O-O 11. O-O-O h6 12. Rhe1 1/2-1/2

[Event "Egypt Open 2016"]
[Site "Eastern Company Club"]
[Date "2016.04.27"]
[Round "8"]
[Board "2"]
[White "Fadi, Marko"]
[Black "Ameir, Moheb"]
[Result "0-1"]
[WhiteElo "2276"]
[BlackElo "2430"]
[PlyCount "72"]
[EventDate "2016.04.22"]
[EventRounds "9"]
[EventCountry "EGY"]

1. e4 e5 2. Nf3 Nc6 3. Bc4 Nf6 4. d3 Be7 5. Nc3 O-O 6. O-O d6 7. h3 Na5 8. Be3
Nxc4 9. dxc4 Bd7 10. Qd3 a6 11. a4 h6 12. c5 Bc6 13. Rfd1 Qe8 14. Qc4 Rd8 15.
Nd5 Nxd5 16. exd5 Bd7 17. Qb3 Rb8 18. cxd6 Bxd6 19. Re1 b5 20. a5 f6 21. Rad1
Qh5 22. Bc5 Rbc8 23. Bxd6 cxd6 24. Nd2 Qg6 25. c4 f5 26. cxb5 Bxb5 27. Rc1 Qg5
28. Qb4 Kh7 29. Nb3 Rxc1 30. Rxc1 Rf6 31. Rc3 Qh5 32. Re3 Qd1+ 33. Kh2 Qxd5 34.
f4 Rg6 35. Qd2 Bc6 36. Qxd5 Bxd5 0-1

[Event "Egypt Open 2016"]
[Site "Eastern Company Club"]
[Date "2016.04.27"]
[Round "8"]
[Board "3"]
[White "Gabr, Mohsen"]
[Black "Abdel Razik, Khaled"]
[Result "1/2-1/2"]
[WhiteElo "2225"]
[BlackElo "2392"]
[PlyCount "92"]
[EventDate "2016.04.22"]
[EventRounds "9"]
[EventCountry "EGY"]

1. d4 Nf6 2. Bf4 g6 3. e3 Bg7 4. Nf3 O-O 5. Be2 d6 6. O-O Nbd7 7. c4 h6 8. h3
Qe8 9. Nc3 e5 10. dxe5 dxe5 11. Bh2 Qe7 12. Nb5 Ne8 13. Qd2 e4 14. Nfd4 Be5 15.
Bxe5 Nxe5 16. Nc3 Nf6 17. Qc2 c5 18. Nb3 Bf5 19. Nd2 h5 20. Ndxe4 Nxe4 21. Nxe4
Nxc4 22. Qxc4 Bxe4 23. Rfd1 b5 24. Qxb5 Rab8 25. Qd7 Qg5 26. Bf1 Rxb2 27. Qd6
Re8 28. Rd2 Rxd2 29. Qxd2 Qe5 30. Rc1 Rc8 31. Qd7 Qc7 32. Qa4 Qe7 33. Bc4 Rc7
34. Qb3 Kg7 35. Qc3+ Qf6 36. f3 Bf5 37. g4 Bd7 38. gxh5 gxh5 39. h4 Qxc3 40.
Rxc3 Kf6 41. Kf2 Be6 42. e4 Ke5 43. Ke3 Kd6 44. Kf4 Rc8 45. e5+ Kc6 46. Ke4 Rd8
 1/2-1/2

[Event "Egypt Open 2016"]
[Site "Eastern Company Club"]
[Date "2016.04.27"]
[Round "8"]
[Board "4"]
[White "Abdel Fadil, Mohamed"]
[Black "Hassan, Sayed Barakat"]
[Result "1-0"]
[WhiteElo "2217"]
[BlackElo "2316"]
[PlyCount "95"]
[EventDate "2016.04.22"]
[EventRounds "9"]
[EventCountry "EGY"]

1. e4 e6 2. d4 d5 3. Nd2 Be7 4. Ngf3 Nf6 5. Bd3 c5 6. exd5 Qxd5 7. dxc5 Nbd7 8.
Nb3 e5 9. Bb5 Qxd1+ 10. Kxd1 a6 11. Ba4 O-O 12. Be3 Ng4 13. Bxd7 Bxd7 14. h3
Nxe3+ 15. fxe3 f6 16. Ke2 a5 17. a4 Rfc8 18. Rhd1 Bf5 19. Ne1 Rc7 20. Nd3 g5
21. Rd2 Be4 22. Kf2 Bc6 23. Ndc1 f5 24. Ne2 f4 25. Nc3 g4 26. exf4 exf4 27.
hxg4 Bh4+ 28. Kg1 Rg7 29. Nd5 Rxg4 30. Rf1 Rf8 31. Rf3 Bg3 32. Ne7+ Kg7 33.
Nxc6 bxc6 34. Nxa5 Rh4 35. Nxc6 Re8 36. Rd7+ Kf6 37. Rd6+ Kg7 38. Rd7+ Kf6 39.
Rd6+ Kg7 40. Rd1 Re6 41. Nd4 Re5 42. Rxg3+ fxg3 43. Nf3 Rhe4 44. Nxe5 Rxe5 45.
b4 Re2 46. a5 Rxc2 47. a6 Rb2 48. c6 1-0